| 000 | 00490nam a22001577a 4500 | ||
|---|---|---|---|
| 003 | OSt | ||
| 008 | 260420b |||||||| |||| 00| 0 eng d | ||
| 082 |
_a635 _bC35E |
||
| 100 | _aChoudhary, Umesh Kumar | ||
| 245 | _aEffect of Growth Regulators on Growth Yield and quality of Bhindi (Abelmoschus esculentus (L) Moench) | ||
| 260 |
_aBAU, Sabour, Bhagalpur _bRAU, Pusa _c1987 |
||
| 300 | _a85P. | ||
| 502 |
_bMsc. _d1987 |
||
| 650 | _aHorticulture (Vegetable & Floriculture) | ||
| 942 |
_2ddc _cT |
||
| 999 |
_c50092 _d50092 |
||